000 00239nam a2200109Ia 4500
008 240625s9999 xx 000 0 und d
041 _aeng
082 _a658.8 KAS
100 _aKASHYAP PRADEEP
245 _aRURAL MARKETING
260 _c2013
999 _c39052
_d39052